000 00573cam a22002053a 4500
001 45175
003 PGUSA
005 20140828084031.0
008 140319s2014||||xxu|||||s|||||000 | eng d
040 _aPGUSA
_beng
042 _adc
100 1 _aRichardson, Rufus B.
245 1 0 _aVacation days in Greece
_h[electronic resource] /
_cRufus B. Richardson
260 _bProject Gutenberg,
_c2014
506 _aPublic domain in the USA.
516 _aElectronic text
830 0 _aProject Gutenberg
_v45175
856 4 0 _uhttp://www.gutenberg.org/ebooks/45175
942 _cEB
999 _c274426
_d274426